<?xml version="1.0" encoding="UTF-8"?>
<marc:record xmlns:marc="http://www.loc.gov/MARC21/slim">
   <marc:leader>00000nam a2200000 a 4500</marc:leader>
   <marc:datafield ind1="1" ind2=" " tag="100">
      <marc:subfield code="a">Bebenburg, Manfred v.</marc:subfield>
      <marc:subfield code="4">aut</marc:subfield>
      <marc:subfield code="e">Verfasser/-in</marc:subfield>
   </marc:datafield>
   <marc:datafield ind1=" " ind2=" " tag="653">
      <marc:subfield code="a">Beratung</marc:subfield>
   </marc:datafield>
   <marc:datafield ind1=" " ind2=" " tag="653">
      <marc:subfield code="a">S||Jugendhilfe</marc:subfield>
   </marc:datafield>
   <marc:datafield ind1=" " ind2=" " tag="653">
      <marc:subfield code="a">S||Therapie</marc:subfield>
   </marc:datafield>
   <marc:datafield ind1="0" ind2="0" tag="245">
      <marc:subfield code="a">Wege aus einem Labyrinth...  oder: Wie Beratung gelingen kann</marc:subfield>
   </marc:datafield>
   <marc:datafield ind1="0" ind2="0" tag="245">
      <marc:subfield code="b">Ein Werkbuch für den psychosozialen Bereich</marc:subfield>
   </marc:datafield>
   <marc:datafield ind1="0" ind2="0" tag="245">
      <marc:subfield code="c">Manfred v. Bebenburg</marc:subfield>
   </marc:datafield>
   <marc:datafield ind1=" " ind2="1" tag="264">
      <marc:subfield code="a">Neu-Ulm</marc:subfield>
      <marc:subfield code="b">AG SPAK</marc:subfield>
      <marc:subfield code="c">2005</marc:subfield>
   </marc:datafield>
   <marc:datafield ind1=" " ind2=" " tag="250">
      <marc:subfield code="a">5. Aufl.</marc:subfield>
   </marc:datafield>
   <marc:datafield ind1="1" ind2=" " tag="520">
      <marc:subfield code="a">Die Vielfalt, der Reichtum an Methoden der Therapie und Beratung ist in den letzten hundert Jahren enorm gewachsen. Immer neue Verfahren und Ansätze kommen auf den Markt, werden wegen ihres jeweils spektakulären oder raschen Erfolges berühmt und modern. Sie sind deswegen eine Zeit lang besonders gefragt, um schließlich ganz unspektakulär in die Reihe der übrigen Verfahren einzuziehen. ##Dieses Buch enthält eine Sammlung von "Rezepten", obwohl in der Arbeit mit Menschen kaum "nach Rezept" vorgegangen werden kann - und man es auch nicht tun sollte. Dennoch gibt es bei Beratern sehr ausgeprägt das Bedürfnis nach dem "Gewusst wie".##Das Buch ist eine Sammlung von Wegbeschreibungen für die Wanderung durch das Labyrinth der psychosozialen Arbeit und aus ihm heraus. So bleibt mir nur noch viel Freude beim Lesen zu wünschen.</marc:subfield>
   </marc:datafield>
   <marc:datafield ind1=" " ind2=" " tag="020">
      <marc:subfield code="a">9783930830688</marc:subfield>
      <marc:subfield code="9">9783930830688</marc:subfield>
   </marc:datafield>
   <marc:datafield ind1=" " ind2=" " tag="020">
      <marc:subfield code="a">393083068X</marc:subfield>
      <marc:subfield code="9">393083068X</marc:subfield>
   </marc:datafield>
   <marc:datafield ind1=" " ind2=" " tag="300">
      <marc:subfield code="a">477 S.</marc:subfield>
   </marc:datafield>
</marc:record>
